[Event "Schach Nienberge 1 - SG Turm Raesfeld/E"]
[Site "Regionalliga 2016/2017"]
[Date "2017.05.13"]
[Round "9.8"]
[White "Melkert, Tim"]
[Black "Cvetkovic, Reinhard"]
[Result "1-0"]
[WhiteElo "1875"]
[BlackElo "1663"]
[PlyCount "45"]
[EventDate "2017.??.??"]
[SourceDate "2016.10.07"]

1. e4 d6 2. d4 Nf6 3. Nc3 Nbd7 4. f4 e5 5. Nf3 h6 6. dxe5 dxe5 7. Nxe5 Nxe5 8.
Qxd8+ Kxd8 9. fxe5 Ng4 10. Bf4 Bc5 11. Bc4 Be6 12. Rd1+ Ke8 13. Bxe6 fxe6 14.
Rf1 g5 15. Nb5 Rc8 16. Bc1 a6 17. Nd4 Bxd4 18. Rxd4 Nxe5 19. b3 Ke7 20. Ba3+ c5
21. Rd2 b5 22. Bb2 Nc6 23. Bf6+ 1-0

[Event "SC Steinfurt 1 - SC Klein-Berlin Rheine"]
[Site "Regionalliga 2016/2017"]
[Date "2017.05.13"]
[Round "9.1"]
[White "Brümmer, Frank"]
[Black "Haselhorst, Helmut"]
[Result "1-0"]
[WhiteElo "2166"]
[BlackElo "1966"]
[PlyCount "121"]
[EventDate "2017.??.??"]
[SourceDate "2016.10.07"]

1. d4 Nf6 2. c4 g6 3. Nc3 Bg7 4. e4 d6 5. Nge2 O-O 6. Ng3 c5 7. d5 e6 8. Be2
exd5 9. cxd5 a6 10. a4 Re8 11. O-O Nbd7 12. Be3 h5 13. f3 h4 14. Nh1 Nh5 15.
Qd2 f5 16. g4 hxg3 17. hxg3 Ne5 18. Kg2 Nf6 19. exf5 gxf5 20. Nf2 Qe7 21. Rae1
Bd7 22. f4 Nf7 23. Bd3 Qd8 24. Qc2 Nh6 25. Rh1 Rb8 26. Bd2 b5 27. axb5 axb5 28.
Be2 Qb6 29. Bf3 Rxe1 30. Rxe1 Re8 31. Rxe8+ Bxe8 32. Ncd1 Nfg4 33. Nxg4 fxg4
34. Be4 Bf7 35. Ne3 c4 36. Bh7+ Kf8 37. Nf5 Bxd5+ 38. Kf1 Nxf5 39. Qxf5+ Bf7
40. Bg6 Qb7 41. Bxf7 Qxf7 42. Qxb5 Kg8 43. Qb8+ Bf8 44. Qc8 Qh5 45. Qxc4+ d5
46. Qd3 Bc5 47. Ke2 Kf7 48. b4 Bg1 49. Bc3 Ke6 50. Qa6+ Kd7 51. Qb7+ Ke6 52.
Qc6+ Ke7 53. Qf6+ Kd7 54. f5 Qh2+ 55. Kd3 Qa2 56. Qe6+ Kc7 57. Be5+ Kb7 58.
Qd7+ Ka6 59. b5+ Ka5 60. Bc3+ Ka4 61. b6+ 1-0

[Event "SC Steinfurt 1 - SC Klein-Berlin Rheine"]
[Site "Regionalliga 2016/2017"]
[Date "2017.05.13"]
[Round "9.2"]
[White "Grälken, Matthias"]
[Black "Henneberger, Sven"]
[Result "1/2-1/2"]
[WhiteElo "2021"]
[BlackElo "2092"]
[PlyCount "54"]
[EventDate "2017.??.??"]
[SourceDate "2016.10.07"]

1. d4 Nf6 2. Bg5 e6 3. Nd2 d5 4. e3 Be7 5. Bd3 Nbd7 6. Ngf3 h6 7. Bh4 O-O 8.
O-O c5 9. c3 Qc7 10. Bg3 Bd6 11. Bxd6 Qxd6 12. Qe2 Re8 13. e4 dxe4 14. Nxe4
Nxe4 15. Qxe4 Nf6 16. Qe5 Qxe5 17. dxe5 Nd5 18. Rad1 Rb8 19. Be4 Nb6 20. b3 Bd7
21. Rd6 Rec8 22. Rfd1 Bc6 23. Bxc6 bxc6 24. c4 Rc7 25. Nd2 Rd7 26. Ne4 Rxd6 27.
Rxd6 Nxc4 1/2-1/2

[Event "SC Steinfurt 1 - SC Klein-Berlin Rheine"]
[Site "Regionalliga 2016/2017"]
[Date "2017.05.13"]
[Round "9.3"]
[White "Langhanke, Günther"]
[Black "Freitag, Julia"]
[Result "1/2-1/2"]
[WhiteElo "1942"]
[BlackElo "2080"]
[PlyCount "48"]
[EventDate "2017.??.??"]
[SourceDate "2016.10.07"]

1. e4 e6 2. d3 d5 3. Nd2 Nf6 4. Ngf3 c5 5. g3 Nc6 6. Bg2 b6 7. O-O Bb7 8. Re1
Be7 9. e5 Nd7 10. c4 d4 11. h4 h6 12. Ne4 Ncxe5 13. Nxe5 Nxe5 14. Nxc5 Bxg2 15.
Kxg2 bxc5 16. Rxe5 Bd6 17. Re4 O-O 18. b3 e5 19. Re1 f5 20. Qh5 Qf6 21. f4 exf4
22. Bxf4 Bxf4 23. gxf4 Qc6+ 24. Qf3 Qxf3+ 1/2-1/2

[Event "SC Steinfurt 1 - SC Klein-Berlin Rheine"]
[Site "Regionalliga 2016/2017"]
[Date "2017.05.13"]
[Round "9.4"]
[White "Wild, Helmut"]
[Black "Brümmer, Andreas"]
[Result "0-1"]
[WhiteElo "1922"]
[BlackElo "1925"]
[PlyCount "82"]
[EventDate "2017.??.??"]
[SourceDate "2016.10.07"]

1. c4 c6 2. e4 e5 3. Nf3 d6 4. d4 Nd7 5. Nc3 Ngf6 6. Be2 Be7 7. O-O O-O 8. b3
Re8 9. Bb2 a6 10. Qc2 b5 11. Rfd1 Qc7 12. Rac1 Bb7 13. Qb1 b4 14. Na4 exd4 15.
Bxd4 c5 16. Bxf6 Nxf6 17. Bd3 Bf8 18. Re1 g6 19. Nd2 Bg7 20. f3 Nh5 21. Nf1
Bd4+ 22. Kh1 Nf4 23. Ne3 h5 24. g3 Nxd3 25. Qxd3 Re7 26. Nc2 Be5 27. Kg2 Rae8
28. Kf2 Bc6 29. Ne3 Bd4 30. Kf1 f5 31. Nd5 Bxd5 32. exd5 Re3 33. Rxe3 Rxe3 34.
Qd1 f4 35. Rc2 fxg3 36. hxg3 Qd7 37. Kg2 Qe8 38. Nb2 Re1 39. Qd3 Kg7 40. Nd1
Rg1+ 41. Kh2 Qe1 0-1

[Event "SC Steinfurt 1 - SC Klein-Berlin Rheine"]
[Site "Regionalliga 2016/2017"]
[Date "2017.05.13"]
[Round "9.5"]
[White "Langhans, Jörg"]
[Black "Yust, Evgeniy"]
[Result "1-0"]
[WhiteElo "1907"]
[BlackElo "1907"]
[PlyCount "98"]
[EventDate "2017.??.??"]
[SourceDate "2016.10.07"]

1. e4 g6 2. d4 Bg7 3. Nc3 c6 4. f4 d5 5. e5 Nh6 6. Nf3 Bg4 7. Bd3 e6 8. Be3 Nd7
9. h3 Bxf3 10. Qxf3 Nf5 11. Bf2 Qb6 12. Bxf5 exf5 13. O-O-O O-O-O 14. Kb1 Rde8
15. g4 fxg4 16. hxg4 Qc7 17. f5 Nb6 18. b3 Bf8 19. Bg3 Qd7 20. Qf4 Qc7 21. Qf3
Qd8 22. e6 fxe6 23. fxg6 h6 24. Qf4 Nd7 25. Bh4 Be7 26. Bxe7 Qxe7 27. Rxh6 Rxh6
28. Qxh6 Rg8 29. Ne2 Qf6 30. Rh1 Rxg6 31. Qh8+ Kc7 32. Qxf6 Rxf6 33. Kc1 Kd6
34. Kd2 e5 35. g5 Rg6 36. Rh6 Nf8 37. Rh8 Ne6 38. dxe5+ Kxe5 39. Rh7 Ng7 40.
Rh8 Ne6 41. Rh7 Rg7 42. g6 Kf6 43. c4 d4 44. Kd3 Rxg6 45. b4 c5 46. Rxb7 Rh6
47. Rxa7 Rh3+ 48. Kd2 cxb4 49. Ra6 Ke5 1-0

[Event "SC Steinfurt 1 - SC Klein-Berlin Rheine"]
[Site "Regionalliga 2016/2017"]
[Date "2017.05.13"]
[Round "9.6"]
[White "Arning, Marcus"]
[Black "Kornick, Ulrich"]
[Result "0-1"]
[WhiteElo "1839"]
[BlackElo "1913"]
[PlyCount "146"]
[EventDate "2017.??.??"]
[SourceDate "2016.10.07"]

1. e4 e5 2. Nf3 Nf6 3. d4 Nxe4 4. dxe5 d5 5. Nbd2 Nc6 6. Bb5 Bd7 7. Qe2 a6 8.
Bxc6 Bxc6 9. Nd4 Nxd2 10. Nxc6 bxc6 11. Bxd2 Qd7 12. O-O Be7 13. Rfe1 Qe6 14.
Ba5 Ra7 15. Rad1 O-O 16. Rd3 Rb8 17. Rb3 Rb5 18. Bd2 Rab7 19. Bc1 a5 20. Rh3
Rb4 21. Qh5 Qg6 22. Qxg6 fxg6 23. b3 c5 24. Bd2 R4b6 25. a4 Ra6 26. Rd3 c6 27.
Kf1 Rb8 28. Rf3 Rf8 29. Rxf8+ Kxf8 30. Ke2 Kf7 31. f4 Ke8 32. Kf3 Ra7 33. g4
Bd8 34. Kg3 Rf7 35. Be3 Bb6 36. Bd2 Bc7 37. Bc3 Rf8 38. Kf3 Ke7 39. h4 Ke6 40.
h5 d4 41. Bd2 Kd5 42. c4+ Ke6 43. hxg6 hxg6 44. Rh1 Rb8 45. Ke4 Rxb3 46. f5+
gxf5+ 47. gxf5+ Kf7 48. Bg5 Kg8 49. f6 Rg3 50. Rh8+ Kf7 51. e6+ Kxe6 52. fxg7
Rxg5 53. g8=Q+ Rxg8 54. Rxg8 Kd7 55. Kf5 Bd8 56. Rg7+ Kd6 57. Rg6+ Kd7 58. Re6
Bh4 59. Re2 Kd6 60. Kg6 Bg3 61. Kf7 Bf4 62. Re6+ Kd7 63. Re7+ Kd6 64. Ke8 Bg5
65. Ra7 Bd2 66. Rd7+ Ke5 67. Kd8 Ke4 68. Kc7 Kd3 69. Kxc6 Kxc4 70. Rh7 Bb4 71.
Rh3 d3 72. Rh4+ Kc3 73. Kd5 d2 0-1

[Event "SC Steinfurt 1 - SC Klein-Berlin Rheine"]
[Site "Regionalliga 2016/2017"]
[Date "2017.05.13"]
[Round "9.7"]
[White "Averkamp-Peters, Jens"]
[Black "Janning, Rainer"]
[Result "0-1"]
[WhiteElo "1908"]
[BlackElo "1887"]
[PlyCount "80"]
[EventDate "2017.??.??"]
[SourceDate "2016.10.07"]

1. e4 c6 2. d4 d5 3. e5 Bf5 4. Nf3 e6 5. Be2 c5 6. O-O Nc6 7. Nc3 a6 8. Be3
cxd4 9. Nxd4 Nxd4 10. Qxd4 Ne7 11. Bg5 Qc7 12. Bxe7 Bxe7 13. Qa4+ Kf8 14. Qf4
g5 15. Qe3 h6 16. Bd3 Bc5 17. Qe2 Bxd3 18. cxd3 Bd4 19. Rfe1 Bxc3 20. bxc3 Rc8
21. Rac1 b5 22. g3 Kg7 23. Qf3 Qe7 24. Rc2 Rc7 25. Rec1 Rhc8 26. Qe3 f5 27.
exf6+ Qxf6 28. Qd2 Rc6 29. d4 Qf3 30. a3 a5 31. Qe3 Qxe3 32. fxe3 b4 33. axb4
axb4 34. Kf1 b3 35. Rb2 Rxc3 36. Rxc3 Rxc3 37. Ke2 Kf6 38. g4 e5 39. dxe5+ Kxe5
40. Rd2 Rc2 0-1

[Event "SC Steinfurt 1 - SC Klein-Berlin Rheine"]
[Site "Regionalliga 2016/2017"]
[Date "2017.05.13"]
[Round "9.8"]
[White "Raue, Thorsten"]
[Black "Hemmert, Michael"]
[Result "1-0"]
[WhiteElo "1797"]
[BlackElo "1828"]
[PlyCount "97"]
[EventDate "2017.??.??"]
[SourceDate "2016.10.07"]

1. b4 e5 2. Bb2 Bxb4 3. Bxe5 Nf6 4. e3 Nc6 5. Bb2 d6 6. Nf3 O-O 7. c4 Re8 8.
Be2 Bf5 9. O-O Ne4 10. d3 Ng5 11. Nbd2 Ba5 12. Nxg5 Qxg5 13. Nf3 Qh6 14. Qb3
Bb6 15. d4 Be4 16. Rac1 Qg6 17. Rfd1 Kh8 18. Bd3 f5 19. Bxe4 fxe4 20. Ne1 Rf8
21. c5 dxc5 22. dxc5 Ba5 23. Rd7 Rg8 24. Rcd1 Rae8 25. g3 Bxe1 26. Rxe1 Ne5 27.
Bxe5 Rxe5 28. Red1 h5 29. Rxc7 Rf5 30. Rd6 Qg4 31. Qc4 h4 32. Qd4 Kh7 33. Qd1
Rf3 34. Rd2 Rgf8 35. Rxb7 h3 36. Rb1 Qf5 37. Qf1 Rf7 38. c6 g5 39. Rb7 Qe6 40.
Rxf7+ Rxf7 41. Rc2 Rc7 42. Qc4 Qf5 43. Qe2 g4 44. Qd1 Qe6 45. Qd8 Rc8 46. c7
Kg6 47. Rd2 Qc4 48. Rd6+ Kf7 49. Qd7+ 1-0